000 00425nam a2200193Ia 4500
005 20250425161022.0
008 250425s9999 xx 000 0 und d
020 _a9581601198
041 _aspa
082 _a863
100 _aWELLS, H. G.
245 0 _aEL HOMBRE INVISIBLE
250 _a1A ED.
260 _aColombia
_bMONTAÑA MÁGICA
_c1986
260 _aS.L.
300 _a144
942 _c01
010 _a10737
999 _c200807
_d200807